000 00272nam a2200109Ia 4500
005 20251222114357.0
008 251222s1900||||xx |||||||||||||| ||spa||
082 _aDVD0070/H97/1966
245 0 _aLa Biblia - En el Principio.
264 _bDe Laurentiis, Dino.
942 _cDVD
999 _c1497
_d1497